[Event "St Ingbert op"]
[Site "St Ingbert"]
[Date "1988.??.??"]
[Round "4"]
[White "Buhmann, Thomas"]
[Black "Piroth, Raymond"]
[Result "1-0"]
[WhiteElo "1400"]
[BlackElo "1670"]
[PlyCount "45"]
[EventDate "1988.08.20"]
[EventType "swiss"]
[EventRounds "9"]
[EventCountry "GER"]
[SourceTitle "EXT 2002"]
[Source "ChessBase"]
[SourceDate "2001.11.25"]
[SourceVersion "1"]
[SourceVersionDate "2001.11.25"]
[SourceQuality "1"]

1. d4 d5 2. Nc3 Nf6 3. Bg5 e6 4. Nf3 Be7 5. e3 Nbd7 6. Bd3 c5 7. 0-0 c4 8. Be2 h6 9. Bh4 a6 10. a4 b6 11. Nd2 Nh7 12. Bxe7 Qxe7 13. e4 Bb7 14. exd5 exd5 15. Bxc4 0-0-0 16. Bxd5 Ndf6 17. Re1 Qd6 18. Bxb7+ Kxb7 19. Qf3+ Ka7 20. Nb5+ axb5 21. axb5+ Kb8 22. Qa8+ Kc7 23. Ra7# 1-0